000 00300nam a22001217a 4500
020 _a9781639895663
040 _cNUST IESE
082 _a628.168
_bDUN
245 _aWater Pollution
_bControl and Treatment
260 _aUSA
_bStates Academic Press
_c2021
300 _a228
942 _2ddc
_cBK
_k628.168
999 _c594638
_d594638